000
00341nam a2200169Ia 4500
100
_a
Piramal/Gita
650
_a
General
942
_c
BK
366
_f
20
654
_a
business
245
_a
Business Maharajas
260
_b
Penquin Book
_a
Mumbai
_c
1996
082
_a
650/PIR
_b
PIR
300
_a
474
546
_a
ENGLISH
999
_c
26362
_d
26362